00475nam a22001577a 450000500170000000800050001702000290002204000140005108200340006510000200009924500900011925000180020926000430022730000360027050400110030620230323100855.0eng  a9780761479123qHardcover a3228cRDA 2First EditionaRJ 990.09 FORD aFord,Anned2011 aWestern PacificbSub- Saharan Africa, Australia, and the PacificcFord, AnnehEnglish aFirst Edition aJohannesburgbMarshall Cavendishc2011 a1152 Pagesbillustrationsc28cm aTarget